Nommez une célébrité française A-Z - Statistiques

Statistiques générales
  • Ce quiz a été pris 469 fois
  • Le résultat moyen est 13 sur 25
Statistiques - réponses
Lettre Indice Célébrité % Correct
H Président de la République entre 2012 et 2017. François Hollande
88%
C Il a incarné Jacquouille dans "les Visiteurs". Christian Clavier
83%
N Chanteur français qui a gagné Roland-Garros en 1983. Yannick Noah
78%
Z Le célèbre "numéro 10" qui a marqué 2 buts pendant la finale de la coupe du monde de football 1998. Zinedine Zidane
78%
G Chanteuse de "Si maman si" et "Poupée de cire poupée de son". France Gall
77%
R Il anime "Les 12 coups de midi" depuis 2010. Jean-Luc Reichmann
69%
O Il a chanté "Lucie" et "je suis tombé pour elle". Pascal Obispo
66%
A Chanteuse de "Dernier jour de disco". Juliette Armanet
64%
T Il était propriétaire d'Adidas et de l'Olympique de Marseille. Bernard Tapie
53%
W De son vrai nom Ophélie Kleerekoper, elle a chanté "Dieu m'a donné la foi". Ophélie Winter
53%
Y Il a animé le "Morning live" et a joué notamment dans "Bienvenue chez les Malawas". Michaël Youn
50%
M Elle a chanté "l'oiseau et l'enfant" et gagné l'Eurovision en 1977. Marie Myriam
49%
B Elle a joué Nathalie dans "les Bronzés". Josiane Balasko
48%
K Elle a chanté "mon mec à moi". Patricia Kaas
48%
L Il a joué notamment dans Alibi.com et Baby-sitter. Philippe Lacheau
48%
J Entraîneur de l'équipe de France de football en 1998. Aimé Jacquet
47%
S Il a notamment chanté "L'aventurier" et "J'ai demandé à la Lune" avec le groupe Indochine. Nikola Sirkis
46%
P Il présentait "l'heure des pros" sur CNews. Pascal Praud
45%
Q Elle a coprésenté "50 minutes inside" de 2006 à 2017. Sandrine Quétier
39%
F Chanteur qui "aime à l'italienne". Frédéric François
35%
I Danseuse de Danse avec les stars qui a gagné la saison 3 de Mask Singer. Denitsa Ikonomova
33%
U Il a joué dans "Hannibal Lecter: les origines du mal" et est décédé en 2022 suite à un accident de ski. Gaspard Ulliel
33%
E Chanteuse qui joue Fanny dans "les Mystères de l'amour". Elsa Esnoult
20%
V Ténor, il a gagné la 4ème saison de Mask Singer. Amaury Vassili
14%
D Il fait notamment le doublage français de Buzz l'éclair ou Indiana Jones. Richard Darbois
11%
Aucun quiz correspondant
Distribution des résultats
% des personnes avec chaque résultat
Percentile par nombre de réponses
Votre historique - résultats
Vous n’avez pas pris ce quiz